000 01097nas a2200253 454500
001 20491
005 20260407193506.0
008 260407s1986####ag###########|||spa#d
003 AR-UNSa-BCEJYS
040 _aAR-UNSa-BCEJYS
_bspa
_cAR-UNSa-BCEJYS
080 _a339.9
_xEconomía internacional en general. Relaciones económicas internacionales. Economía mundial
245 1 0 _aJournal of international economic integration
264 1 _aSeoul :
_bKing Sejong University
_c1986
310 _aFrecuencia: Irregular Cambia de Director a partir del Vol. 2, Nº 2 por Han Gwang Choo Cambia de Director a partir del Vol. 5, Nº 1 por Hwan Ho Lee
942 _cSER
590 _aniveau_biblio:s niveau_hierar:1
100 1 _aChoi, Jeong Pyo
700 1 _aKing Sejong University. Institute for International Economics
650 _aIntegración económica
650 _aInvestigación económica
650 _aDesarrollo regional
650 _aECONOMIA INTERNACIONAL
856 4 1 _uhttps://biblioeco.unsa.edu.ar/pmb/images/revistas/Journal of Economic Integration.jpg
_yImagen de portada
_qimage/jpeg
999 _c8543
_d8543